|
|
|
|
| LEADER |
00000nam0a2200000 4500 |
| 001 |
21137 |
| 005 |
20231030192347.0 |
| 010 |
|
|
|a 5020000655
|
| 035 |
|
|
|a (RuTPU)RU\TPU\book\21335
|
| 035 |
|
|
|a BOOK00021405
|
| 090 |
|
|
|a 21137
|
| 100 |
|
|
|a 20011209d1989 km y0rusy50 ca
|
| 101 |
0 |
|
|a rus
|
| 102 |
|
|
|a RU
|
| 105 |
|
|
|a y z 000zb
|
| 200 |
1 |
|
|a Исаак Ньютон
|e 1643-1727
|f С. И. Вавилов
|
| 210 |
|
|
|a Москва
|c Наука
|d 1989
|
| 215 |
|
|
|a 271 с.
|
| 225 |
1 |
|
|a Научно-биографическая литература
|
| 600 |
|
1 |
|a Ньютон
|g Исаак
|b И.
|f 1642 - 1726
|c английский математик
|c механик
|c астроном
|c физик
|2 stltpui
|3 (RuTPU)RU\TPU\pers\346
|
| 610 |
1 |
|
|a естествознание
|
| 610 |
1 |
|
|a физика
|
| 610 |
1 |
|
|a история
|
| 610 |
1 |
|
|a 17 век
|
| 675 |
|
|
|a 53(092)
|v 3
|
| 700 |
|
1 |
|a Вавилов
|b С. И.
|c российский ученый, физик
|f 1891-1951
|g Сергей Иванович
|2 stltpush
|3 (RuTPU)RU\TPU\pers\476
|
| 801 |
|
0 |
|a RU
|b 63413507
|c 20011209
|g PSBO
|
| 801 |
|
2 |
|a RU
|b 63413507
|c 20141231
|g PSBO
|
| 942 |
|
|
|c BK
|